MLB Stat Leaders 2025 - Pitching - Statistics

General Stats
  • This quiz has been taken 27 times
  • The average score is 16 of 25
Answer Stats
Hint Answer % Correct
2.21 Tarik Skubal
95%
241 Tarik Skubal
95%
21 Tarik Skubal
95%
1.97 Paul Skenes
90%
216 Paul Skenes
90%
18 Garrett Crochet
80%
255 Garrett Crochet
80%
22 Garrett Crochet
80%
2.49 Yoshinobu Yamamoto
80%
2.49 Cristopher Sanchez
75%
22 Cristopher Sanchez
75%
15 Logan Webb
65%
224 Logan Webb
65%
22 Logan Webb
65%
19 Max Fried
65%
18 Carlos Rodon
60%
2.43 Hunter Brown
60%
21 Bryan Woo
55%
40 Robert Suarez
55%
38 Andres Munoz
50%
17 Freddy Peralta
45%
42 Carlos Estevez
35%
33 Jeff Hoffman
30%
32 Emilio Pagan
10%
216 Jesus Luzardo
5%
No matching quizzes found
Score Distribution
Percent of People with Each Score
Percentile by Number Answered
Your Score History
You have not taken this quiz